000 00244nam a2200109Ia 4500
008 190216s9999||||xx |||||||||||||| ||und||
100 _aChugh Kl
245 0 _aObjective Chemistry
260 _bKalyani Pub
_c1995
300 _a345p
942 _cREF
999 _c36199
_d36199